00780cam a22002291 4500001001300000003000400013005001700017008004100034010001700075025002000092035002000112040002100132042001200153050001800165100003000183245020600213260004100419300002600460650002700486650002000513999001700533sa 66003757 DLC20260227112238.0940328s1964 io c 000 0 ind  asa 66003757  aPL480:Indo-2329 a(OCoLC)30046085 aDLCcCUdCUdDLC apremarc00aPL5080.5b.A41 aAidit, D. N.,d1923-1965.10aDengan sastra dan seni jang berkepribadian nasional mengabdi buruh,btani dan pradjurit. (Pokok² referat dihadapan Konfernas Sastra dan Seni Revolusioner di Djakarta, diutjapkan tgl. 28 Agustus 1964). aDjakarta,bJajasan Pembaruan,c1964. a103 p.bport.c20 cm. 0aIndonesian literature. 0aArtzIndonesia. c69110d69110